Možnosti bezhotovostného platobného styku na Slovensku bakalárska práca

Gespeichert in:
Bibliographische Detailangaben
1. Verfasser: Janíčková, Erika
Körperschaft: Národohospodárska fakulta EU. Katedra bankovníctva a medzinárodných financií
Weitere Verfasser: Gachová, Katarína, 1977-
Format: Buch
Sprache:Slowakisch
Veröffentlicht: Bratislava 2025
Tags: Tag hinzufügen
Keine Tags, Fügen Sie das erste Tag hinzu!

MARC

LEADER 00000nbm a2200000 4500
001 0309248
005 20260102102658.4
041 0 |a slo 
044 |a SK 
245 1 0 |a Možnosti bezhotovostného platobného styku na Slovensku  |b bakalárska práca  |c Erika Janíčková ; školiteľ: Katarína Gachová 
264 1 |a Bratislava  |c 2025 
300 |a 45 s. 
100 1 |a Janíčková, Erika 
700 1 |a Gachová, Katarína, 1977- 
710 2 |a Národohospodárska fakulta EU. Katedra bankovníctva a medzinárodných financií